Word Scramble - German Cities - Statistics

General Stats
  • This quiz has been taken 2,058 times
  • The average score is 14 of 21
Answer Stats
City % Correct
Bonn
97%
Ulm
95%
Berlin
93%
Munich
91%
Kiel
90%
Leipzig
90%
Stuttgart
90%
Frankfurt
89%
Dresden
88%
Essen
88%
Düsseldorf
87%
Bremen
86%
Hamburg
82%
Cologne
81%
Dortmund
80%
Mainz
78%
Halle
71%
Münster
71%
Hanover
70%
Potsdam
67%
Lübeck
65%
Mannheim
65%
Wolfsburg
63%
Nuremberg
62%
Aachen
61%
Augsburg
58%
Bielefeld
58%
Bochum
58%
Duisburg
58%
Mönchengladbach
58%
Hagen
57%
Heidelberg
52%
Wuppertal
45%
Karlsruhe
44%
Chemnitz
42%
Gelsenkirchen
42%
Saarbrücken
41%
Wiesbaden
38%
Regensburg
37%
Krefeld
30%
No matching quizzes found
Score Distribution
Percent of People with Each Score
Percentile by Number Answered
Your Score History
You have not taken this quiz